Bóng ảnh của đời Tuyển truyện ngắn T.1
Giới thiệu 68 truyện ngắn của Nguyễn Hiếu như: Thần báo mộng, Chuyện tình cũ rích, Dạ lan hương ơi chào nhe!, ...
Đã lưu trong:
| Príomhúdar: | |
|---|---|
| Formáid: | Leabhar |
| Teanga: | Undetermined |
| Foilsithe: |
H.
Hà Nội
2010
|
| Ábhair: | |
| Rochtain Ar Líne: | http://lrc.tdmu.edu.vn/opac/search/detail.asp?aID=2&ID=14876 |
| Clibeanna: |
Cuir Clib Leis
Gan Chlibeanna, Bí ar an gcéad duine leis an taifead seo a chlibeáil!
|
| Thư viện lưu trữ: | Trung tâm Học liệu Trường Đại học Thủ Dầu Một |
|---|
| LEADER | 00939nam a2200229Ia 4500 | ||
|---|---|---|---|
| 001 | TDMU_14876 | ||
| 008 | 210410s9999 xx 000 0 und d | ||
| 082 | |a 895.92230134 | ||
| 090 | |b NG527 | ||
| 100 | |a Nguyễn, Hiếu | ||
| 245 | 0 | |a Bóng ảnh của đời | |
| 245 | 0 | |b Tuyển truyện ngắn | |
| 245 | 0 | |c Nguyễn Hiếu | |
| 245 | 0 | |n T.1 | |
| 260 | |a H. | ||
| 260 | |b Hà Nội | ||
| 260 | |c 2010 | ||
| 300 | |a 562tr. | ||
| 520 | |a Giới thiệu 68 truyện ngắn của Nguyễn Hiếu như: Thần báo mộng, Chuyện tình cũ rích, Dạ lan hương ơi chào nhe!, ... | ||
| 650 | |a Truyện ngắn Việt Nam; Văn học Việt Nam |y Thế kỷ 20 |x Truyện ngắn; Văn học Việt Nam hiện đại | ||
| 856 | |u http://lrc.tdmu.edu.vn/opac/search/detail.asp?aID=2&ID=14876 | ||
| 980 | |a Trung tâm Học liệu Trường Đại học Thủ Dầu Một | ||